书目信息 |
| 题名: |
精力管理
|
|
| 作者: | 洛尔 , Loehr , 施瓦茨 , Schwartz 著 ;付涛 译 | |
| 分册: | ||
| 出版信息: | 北京 中信出版社 2003.12 |
|
| 页数: | 251页 | |
| 开本: | 25cm | |
| 丛书名: | ||
| 单 册: | ||
| 中图分类: | B848.4-49 , F27 | |
| 科图分类: | ||
| 主题词: | 企业管理--通俗读物 , 企业经济 | |
| 电子资源: | ||
| ISBN: | 7-5086-0004-5 | |
| 000 | 00888nam0 2200289 45 | |
| 001 | 012004000000 | |
| 005 | 20041104144312.17 | |
| 010 | @a7-5086-0004-5@dCNY 25.00 | |
| 100 | @a20040920d2003 em y0chiy0121 ea | |
| 101 | 1 | @achi@ceng |
| 102 | @aCN@b110000 | |
| 105 | @ay z 000yy | |
| 200 | 1 | @a精力管理@Ajing li guan li@dThe power of full engagement@f(美)吉姆·洛尔(Jim Loehr), (美)托尼·施瓦茨(Tony Schwartz)著@g付涛译@zeng |
| 210 | @a北京@c中信出版社@d2003.12 | |
| 215 | @a251页@d25cm | |
| 510 | 1 | @aThe power of full engagement@zeng |
| 606 | 0 | @a企业管理@j通俗读物 |
| 606 | 0 | @a企业经济 |
| 690 | @aB848.4-49@v4 | |
| 690 | @aF27@v3 | |
| 701 | 1 | @a洛尔@Aluo er@b吉姆@4著 |
| 701 | A1 | @aLoehr@bJim@4著 |
| 701 | 1 | @a施瓦茨@Ashi wa ci@b托尼@4著 |
| 701 | A1 | @aSchwartz@bTony@4著 |
| 702 | 0 | @a付涛@Afu tao@4译 |
| 801 | 0 | @aCN@bQSSKxf@c20041104 |
| 905 | @a10447@dF27@eJ109 | |
| 精力管理=The power of full engagement/(美)吉姆·洛尔(Jim Loehr), (美)托尼·施瓦茨(Tony Schwartz)著/付涛译.-北京:中信出版社,2003.12 |
| 251页;25cm |
| ISBN 7-5086-0004-5:CNY 25.00 |
| ● |
| 相关链接 |
|
|
|
正题名:精力管理
索取号:F27/J109
 
预约/预借
| 序号 | 登录号 | 条形码 | 馆藏地/架位号 | 状态 | 备注 |
| 1 | 425100 | 204251004 | 社科库409/ [索取号:F27/J109] | 在馆 | |
| 2 | 425101 | 204251013 | 社科库409/ [索取号:F27/J109] | 在馆 | |
| 3 | 425102 | 204251022 | 社科库409/409社科库 81排4列4层/ [索取号:F27/J109] | 在馆 |